00542nam a2200157 a 450000100100000000500170001000800410002704000250006808200130009324500180010626000800012430000270020459000250023195201110025699900170036700004782520201002060747.0180827s2004 dr a 000 spa d aDO-SdBNPbspacBNPHU axxxbF55 0aFitotecnia I. aLa Vega, República Dominicana, :bInstituto Técnico Salesiano,c[s.f.]. a268 p. :bil ;c22 cm. aInventariado,2018/DG 0010718PDaPDbPDcHDd2018-08-27iLF1l0oxxx F55p47825-10r2020-06-25w2020-06-25yLFPDZNo se presta c47313d47313